| 000 | 01007cam a2200253 i 4500 | ||
|---|---|---|---|
| 003 | SA-RiAUC | ||
| 005 | 20250505070018.0 | ||
| 008 | 250504s1987 su a g 00010 ara c | ||
| 040 |
_aSA-RIMASH _bara _cSA-RiAUC _erda |
||
| 043 | _aa-su--- | ||
| 082 | 0 | 4 | _a336.531 |
| 090 |
_a336.531 _b ش ع ي |
||
| 100 | 1 |
_aالشعيبي، صالح المحمد _eمؤلف. |
|
| 245 | 1 | 0 |
_aملامح السياسة المالية والإدارية في المملكة العربية السعودية / _cصالح المحمد الشعيبي. |
| 264 | 1 |
_aالرياض : _bمكتبة الخريجي، _c1987 |
|
| 300 |
_a244 صفحة : _bإيضاحيات ؛ _c24 سم |
||
| 336 |
_aنص _btxt _2rdacontent _3كتاب |
||
| 337 |
_aبدون وسيط _bn _2rdamedia |
||
| 338 |
_aمجلد _bnc _2rdacarrier |
||
| 650 | 7 |
_aالمالية العامة _zالسعودية _2aucsh |
|
| 650 | 7 |
_aالإدارة العامة _zالسعودية _2aucsh |
|
| 942 |
_2ddc _cBOOK _n0 |
||
| 949 |
_aSA-JeALM _d250504 _umohamedma123 _n1 |
||
| 999 |
_c7598 _d7598 |
||